• 首页
  • 本馆介绍
  • 公告通知
  • 最新文献
  • 馆藏检索
  • 电子资源
  • 读者导购
  • 参考咨询
  • 我的图书馆
  • 登录
  • 详细信息显示
  • 放入我的书架
  • 预约/预借图书
  • 作者相关作品
  • 分类相关作品
  • 丛书相关作品
  • 出版社相关作品

书目信息

  • 表格格式
  • 工作单格式
  • 卡片格式
题名:
学习科学与技术
    
 
作者: 桑新民 主编
分册:  
出版信息: 北京   高等教育出版社  2017.07
页数: 354页
开本: 26cm
丛书名:
单 册:
中图分类: G642.46
科图分类:
主题词: 学习--能力培养--高等学校--教材
电子资源:
ISBN: 978-7-04-047467-1
000 01009nam0 2200265 450
001 0102100413
005 20210406083119.06
010    @a978-7-04-047467-1@dCNY45.00
100    @a20171018e20202017em y0chiy50 ea
101 0  @achi
102    @aCN@b110000
105    @ay z 000yy
106    @ar
200 1  @a学习科学与技术@Axue xi ke xue yu ji shu@e信息时代学习能力的培养@f桑新民主编
205    @a2版
210    @a北京@c高等教育出版社@d2017.07@h2020.01
215    @a354页@d26cm
300    @a国家级精品资源共享课主讲教材
330    @a本书是国家精品资源共享课主讲教材。本书共分7个单元,主要内容包括信息时代学习方式的历史变革、学习究竟是什么、人是如何学习的、从个体学习到团队学习、学习的类型与学习者的个性差、学习评价与学习绩效,以及转识成智,返璞归真。
510 1  @aLearning sciences and learning technologies@zeng
606 0  @a学习@x能力培养@x高等学校@j教材
690    @aG642.46@v5
701  0 @a桑新民@Asang xin min@4主编
801  0 @aCN@bBJSZM@c20210402
905    @b1274840-4@dG642.46@e2087=2@f5
    
    学习科学与技术:信息时代学习能力的培养/桑新民主编.-2版.-北京:高等教育出版社,2017.07(2020.01)
    354页;26cm
    国家级精品资源共享课主讲教材
    
    ISBN 978-7-04-047467-1:CNY45.00
    本书是国家精品资源共享课主讲教材。本书共分7个单元,主要内容包括信息时代学习方式的历史变革、学习究竟是什么、人是如何学习的、从个体学习到团队学习、学习的类型与学习者的个性差、学习评价与学习绩效,以及转识成智,返璞归真。
●
相关链接 在E读中查询图书 在五车中查询图书 在当当中查询图书 在豆瓣中查询图书


正题名:学习科学与技术     索取号:G642.46/2087=2         预约/预借

序号 登录号 条形码 馆藏地/架位号 状态 备注
1 1274840   212748400   第一样本阅览室/ [索取号:G642.46/2087=2] 在馆    
2 1274841   212748419   教育系资料室/ [索取号:G642.46/2087=2] 在馆    
3 1274842   212748428   教育系资料室/ [索取号:G642.46/2087=2] 在馆    
4 1274843   212748437   第四借阅区/ [索取号:G642.46/2087=2] 在馆    
5 1274844   212748446   第四借阅区/ [索取号:G642.46/2087=2] 在馆    
唐山师范学院图书馆 欢迎您!
大连网信软件有限公司© 版权所有